Podział administracyjny w 1925 r. Republiki Weimarskiej - Statystyki

Ogólne statystyki
  • Ten quiz został rozwiązany 58 razy
  • Średni wynik to 8 z 19
Statystyki odpowiedzi
Odpowiedź Liczba Mieszkancow % Poprawnych
Wolny Kraj Bawaria 7,37 mln
87%
Wolne Państwo Prusy 38,17 mln
78%
Wolny Kraj Saksonia 4,99 mln
78%
Wolne i Hanzeatyckie Miasto Hamburg 1,13 mln
72%
Ludowa Republika Hesji 1,34 mln
67%
Wolne Hanzeatyckie Miasto Brema 338
65%
Badenia 2,31 mln
63%
Wolny Kraj Turyngia 1,6 mln
54%
Wirtembergia 2,58 mln
52%
Saara 768 tys
44%
Anhalt 351 tys
28%
Oldenburg 545 tys
26%
Lubeka 127 tys
24%
Brunszwik 501 tys
19%
Księstwo Schaumburgu-Lippe 48 tys
15%
Lippe 16 tys
15%
Księstwo Waldecku i Pyrmontu ?
7%
Wielkie Księstwo Meklemburgii-Schwerin 674 tys
6%
Wielkie Księstwo Meklemburgii-Strelitz 110 tys
6%
Nie znaleziono quizów pasujących do podanych kryteriów
Rozkład punktacji
Procent ludzi z każdym wynikiem
Percentyl według liczby udzielonych odpowiedzi
Twoja historia wyników
Nie rozwiązałeś tego quizu